<?xml version="1.0" encoding="UTF-8"?>
<record
    xmlns:xsi="http://www.w3.org/2001/XMLSchema-instance"
    xsi:schemaLocation="http://www.loc.gov/MARC21/slim http://www.loc.gov/standards/marcxml/schema/MARC21slim.xsd"
    xmlns="http://www.loc.gov/MARC21/slim">

  <leader>00972cac a2200313 i 4500</leader>
  <controlfield tag="003">EG-GICUC</controlfield>
  <controlfield tag="005">20260224095742.0</controlfield>
  <controlfield tag="008">260224s2001    mnu    fr     001 0 eng d</controlfield>
  <datafield tag="020" ind1=" " ind2=" ">
    <subfield code="a">031424669X</subfield>
  </datafield>
  <datafield tag="040" ind1=" " ind2=" ">
    <subfield code="a">DLC</subfield>
    <subfield code="c">DLC</subfield>
    <subfield code="d">DLC</subfield>
    <subfield code="d">EG-GICUC</subfield>
    <subfield code="b">eng</subfield>
    <subfield code="e">rda</subfield>
  </datafield>
  <datafield tag="050" ind1="0" ind2="0">
    <subfield code="a">KZ1242.5</subfield>
    <subfield code="b">.J36 2001</subfield>
  </datafield>
  <datafield tag="082" ind1="0" ind2="0">
    <subfield code="a">341</subfield>
    <subfield code="2">21</subfield>
  </datafield>
  <datafield tag="092" ind1="0" ind2="4">
    <subfield code="2">21</subfield>
  </datafield>
  <datafield tag="099" ind1=" " ind2=" ">
    <subfield code="a">Law 11 2001</subfield>
  </datafield>
  <datafield tag="100" ind1="1" ind2=" ">
    <subfield code="a">Janis, Mark W.</subfield>
  </datafield>
  <datafield tag="245" ind1="1" ind2="0">
    <subfield code="a">Teatcher's manual to accompany Cases and commentary on international law /</subfield>
    <subfield code="c">by Mark W. Janis, John E. Noyes.</subfield>
  </datafield>
  <datafield tag="250" ind1=" " ind2=" ">
    <subfield code="a">2nd edition.</subfield>
  </datafield>
  <datafield tag="264" ind1=" " ind2=" ">
    <subfield code="a">St. Paul, Minn. :</subfield>
    <subfield code="b">West Group,</subfield>
    <subfield code="c">2001.</subfield>
  </datafield>
  <datafield tag="300" ind1=" " ind2=" ">
    <subfield code="a">iii, 122 pages ;</subfield>
    <subfield code="c">26 cm. </subfield>
  </datafield>
  <datafield tag="336" ind1=" " ind2=" ">
    <subfield code="a">text</subfield>
    <subfield code="2">rdacontent</subfield>
  </datafield>
  <datafield tag="337" ind1=" " ind2=" ">
    <subfield code="a">Computer</subfield>
    <subfield code="2">rdamedia</subfield>
  </datafield>
  <datafield tag="338" ind1=" " ind2=" ">
    <subfield code="a">Online Resource</subfield>
    <subfield code="2">rdacarrier</subfield>
  </datafield>
  <datafield tag="440" ind1=" " ind2="0">
    <subfield code="a">American casebook series</subfield>
  </datafield>
  <datafield tag="650" ind1=" " ind2="0">
    <subfield code="a">International law.</subfield>
  </datafield>
  <datafield tag="700" ind1="1" ind2=" ">
    <subfield code="a">Noyes, John E.,</subfield>
    <subfield code="d">1951-</subfield>
  </datafield>
  <datafield tag="856" ind1="4" ind2="0">
    <subfield code="u">https://fll.law.cu.edu.eg/fulltext/bks/ENGB11-00090.pdf</subfield>
  </datafield>
  <datafield tag="905" ind1=" " ind2=" ">
    <subfield code="a">10</subfield>
  </datafield>
  <datafield tag="942" ind1=" " ind2=" ">
    <subfield code="2">ddc</subfield>
    <subfield code="c">BK</subfield>
    <subfield code="e">21</subfield>
    <subfield code="n">0</subfield>
  </datafield>
  <datafield tag="999" ind1=" " ind2=" ">
    <subfield code="c">64102</subfield>
    <subfield code="d">64102</subfield>
  </datafield>
  <datafield tag="952" ind1=" " ind2=" ">
    <subfield code="0">0</subfield>
    <subfield code="1">0</subfield>
    <subfield code="2">ddc</subfield>
    <subfield code="4">0</subfield>
    <subfield code="7">0</subfield>
    <subfield code="8">&#x627;&#x644;&#x642;&#x627;&#x646;&#x648;&#x646; &#x627;&#x644;&#x62F;&#x648;&#x644;&#x64A; &#x627;&#x644;&#x639;&#x627;&#x645;</subfield>
    <subfield code="a">CU</subfield>
    <subfield code="b">LAW2</subfield>
    <subfield code="d">2026-02-24</subfield>
    <subfield code="l">0</subfield>
    <subfield code="o">Law2 11 341 JA . T 2001 1100090 C1</subfield>
    <subfield code="p">ENGB11-00090</subfield>
    <subfield code="r">2026-02-24 09:58:43</subfield>
    <subfield code="t">1</subfield>
    <subfield code="w">2026-02-24</subfield>
    <subfield code="y">BK</subfield>
    <subfield code="z">1610</subfield>
  </datafield>
</record>
